5HLuxD.jpg

KING HENRY VIII SENIOR AND PRIMARY SCHOOL LIBRARY OPAC

DIARY OF AN ACCIDENTAL WITCH/FLYING HIGH (Record no. 5394)

000 -LEADER
fixed length control field 00375nam a22001217a 4500
008 - FIXED-LENGTH DATA ELEMENTS--GENERAL INFORMATION
fixed length control field 250910b ||||| |||| 00| 0 eng d
020 ## - INTERNATIONAL STANDARD BOOK NUMBER
International Standard Book Number 9781788953399
082 ## - DEWEY DECIMAL CLASSIFICATION NUMBER
Classification number 823.92 CAR
100 ## - MAIN ENTRY--PERSONAL NAME
Personal name CARGILL,HONOR
Relator term AUTHOR
245 ## - TITLE STATEMENT
Title DIARY OF AN ACCIDENTAL WITCH/FLYING HIGH
260 ## - PUBLICATION, DISTRIBUTION, ETC.
Place of publication, distribution, etc. 1 CODA STUDIOS,189 MUNSTER ROAD,LONDON SW6 6AW
Name of publisher, distributor, etc. STRIPES PUBLISHING LIMITED
Date of publication, distribution, etc. 2022
942 ## - ADDED ENTRY ELEMENTS (KOHA)
Source of classification or shelving scheme
Holdings
Withdrawn status Lost status Source of classification or shelving scheme Damaged status Not for loan Collection code Permanent Location Current Location Shelving location Date acquired Source of acquisition Full call number Barcode Date last seen Price effective from Koha item type Public note
          Fiction KH8 Primary School Library KH8 Primary School Library Fiction 2025-09-10 SOF 823.92 CAR KHPL000007165 2025-12-05 2025-09-10 Books - Fiction PRIMARY LIBRARY

Powered By KH8 IT Dept